| 000 | 00505nam a2200181Ia 4500 | ||
|---|---|---|---|
| 001 | 23432 | ||
| 005 | 20260414150936.0 | ||
| 008 | 260414t2015||||xx |||||||||||||| ||spa|| | ||
| 041 | _aESP | ||
| 082 |
_a650.01513 _bC84 |
||
| 100 |
_aCosta, Benjamin Cesar de Azevedo _eAUT |
||
| 245 | 0 |
_aMatemática financeira : _bteoría, mais de 100 questoes resolvidas e 750 questoes propostas |
|
| 260 | _c2015 | ||
| 300 |
_a282 páginas : _c24 cm. |
||
| 650 | _aGEN | ||
| 654 | _aCCO | ||
| 942 |
_cLIB _dJUS _fJUS _2ddc _n |
||
| 999 |
_c23432 _d23432 |
||